Štúdium mechanizmu fotochemickej redukcie železnatých klatrochelátov
Guardado en:
| Autor principal: | |
|---|---|
| Otros Autores: | |
| Formato: | Manuscrito Libro |
| Lenguaje: | eslovaco |
| Publicado: |
2021
|
| Materias: | |
| Acceso en línea: | http://is.stuba.sk/zp/portal_zp.pl?podrobnosti=157643 |
| Etiquetas: |
Sin Etiquetas, Sea el primero en etiquetar este registro!
|
MARC
| LEADER | 00000ntm a22000003a 4500 | ||
|---|---|---|---|
| 001 | stuzp84346 | ||
| 003 | SK-STU | ||
| 005 | 20210605210613.3 | ||
| 007 | ta | ||
| 008 | 150427s2015----xo-----f-mn---000-0-slo-d | ||
| 040 | |a STU |b slo | ||
| 041 | 0 | |a slo | |
| 100 | 1 | |a Račeková, Barbora |u 042190 |4 aut |U FCHPT Ústav anorganickej chémie, technológie a materiálov |T FCHPT Oddelenie anorganickej chémie |X 81841 |U C2190 |Y 112 |7 81841 | |
| 242 | 0 | 1 | |a Study of the Mechanism of Photochemical Reduction of Iron(II) Clathrochelates |y eng |
| 245 | 1 | 0 | |a Štúdium mechanizmu fotochemickej redukcie železnatých klatrochelátov |
| 260 | |c 2021 | ||
| 650 | 4 | |a klatrocheláty |2 slo | |
| 650 | 4 | |a fotochémia |2 slo | |
| 650 | 4 | |a elektrónová absorpčná spektroskopia |2 slo | |
| 650 | 4 | |a EPR |2 slo | |
| 650 | 4 | |a ESI–MS |2 slo | |
| 650 | 4 | |a chlathrochelates |2 eng | |
| 650 | 4 | |a photochemistry |2 eng | |
| 650 | 4 | |a electronic absorption spectroscopy |2 eng | |
| 650 | 4 | |a ESR |2 eng | |
| 650 | 4 | |a ESI–MS |2 eng | |
| 700 | 1 | |a Šípoš, Rastislav |u 042190 |k Z2 |4 ths |U FCHPT Ústav anorganickej chémie, technológie a materiálov |T FCHPT Oddelenie anorganickej chémie |X 10104 |U C2190 |Y 112 |7 A000010104 | |
| 856 | 4 | |u http://is.stuba.sk/zp/portal_zp.pl?podrobnosti=157643 | |